| 000 | 01164nam a2200241 a 4500 | ||
|---|---|---|---|
| 001 | 000048049 | ||
| 003 | OSt | ||
| 005 | 20201210104532.0 | ||
| 008 | 181109s2016 dr 000 0 spa d | ||
| 020 | _a9788460881148 | ||
| 040 |
_aDO-SdBNP _bspa _cBNPHU |
||
| 082 | _bA795a | ||
| 100 | 1 |
_aArvelo, Alejandro, _d1959- _925165 |
|
| 245 | 1 | 0 |
_aAndrés López de Medrano : _bcriollismo, dominicanidad e hispanismo / _cAlejandro Arvelo. |
| 260 |
_aSanto Domingo : _bSantuario, _c2016. |
||
| 300 |
_a120 p. ; _c23 cm. |
||
| 500 | _aIncluye referencias bibliográficas al final de los capítulos | ||
| 500 | _aIncluye datos biográficos del autor en la solapa de la cubierta | ||
| 504 | _aBibliografía : p. 117-120 | ||
| 505 | 0 |
_aPrefacio -- _tEstructura social y subjetividad -- _tReligión, teodicea y estimativa -- _t¿Silencio, indiferencia o asunción tácita de la esclavitud? -- _tLo temporal y lo eterno -- _tLa dominicanidad: ventana hacia un patriotismo sin nacionalismo -- _tEl proceso de intervención -- _tLa irrupción militar -- _tNúñez de Cáceres y López de Medrano: dos visiones, dos apuestas -- |
|
| 590 | _aInventariado, 2018/LP | ||
| 942 |
_2ddc _cLBS1 |
||
| 999 |
_c47537 _d47537 |
||